Spróbuj wymienić wszystkie miasta województwa śląskiego - Statystyki

Ogólne statystyki
  • Ten quiz został rozwiązany 39 razy
    2 od ostatniego zresetowania
  • Średni wynik to 38 z 75
Statystyki odpowiedzi
miasta % Poprawnych
Będzin
100%
Bielsko-Biała
100%
Bieruń
100%
Bytom
100%
Chorzów
100%
Cieszyn
100%
Czechowice-Dziedzice
100%
Czeladź
100%
Czerwionka-Leszczyny
100%
Częstochowa
100%
Dąbrowa Górnicza
100%
Gliwice
100%
Jastrzębie-Zdrój
100%
Jaworzno
100%
Katowice
100%
Kłobuck
100%
Knurów
100%
Łaziska Górne
100%
Lędziny
100%
Lubliniec
100%
Mysłowice
100%
Rybnik
100%
Tychy
100%
Żory
100%
Żywiec
100%
Blachownia
50%
Imielin
50%
Janów
50%
Kalety
50%
Koniecpol
50%
Koziegłowy
50%
Krzanowice
50%
Krzepice
50%
Kuźnia Raciborska
50%
Mikołów
50%
Myszków
50%
Orzesze
50%
Piekary Śląskie
50%
Pszczyna
50%
Pyskowice
50%
Racibórz
50%
Ruda Śląska
50%
Rydułtowy
50%
Siemianowice Śląskie
50%
Skoczów
50%
Sosnowiec
50%
Świętochłowice
50%
Tarnowskie Góry
50%
Wodzisław Śląski
50%
Zabrze
50%
Zawiercie
50%
Łazy
0%
Miasteczko Śląskie
0%
Ogrodzieniec
0%
Olsztyn
0%
Pilica
0%
Poręba
0%
Przyrów
0%
Pszów
0%
Radlin
0%
Radzionków
0%
Siewierz
0%
Sławków
0%
Sośnicowice
0%
Strumień
0%
Szczekociny
0%
Szczyrk
0%
Toszek
0%
Ustroń
0%
Wilamowice
0%
Wisła
0%
Włodowice
0%
Wojkowice
0%
Woźniki
0%
Żarki
0%
Nie znaleziono quizów pasujących do podanych kryteriów
Rozkład punktacji
Procent ludzi z każdym wynikiem
Percentyl według liczby udzielonych odpowiedzi
Twoja historia wyników
Nie rozwiązałeś tego quizu od ostatniego zresetowania